Código nacional de policía y convivencia (Registro nro. 8328)

Detalles MARC
000 -CABECERA
Longitud fija campo de control 01416nam a2200325Ia 4500
005 - • FECHA Y HORA DE LA ÚLTIMA TRANSACCIÓN
Fecha y hora de la última transacción 20220317001846.0
008 - • CÓDIGOS DE INFORMACIÓN DE LONGITUD FIJA
Códigos de información de longitud fija 170410s2016 c g 000 0 s
020 ## - • NÚMERO INTERNACIONAL NORMALIZADO PARA LIBROS
Número Internacional Normalizado para Libros (ISBN) 9789587694802
041 ## - • CÓDIGO DE LENGUA
Código de lengua del texto/banda sonora o título independiente spa
082 04 - • NÚMERO DE LA CLASIFICACIÓN DECIMAL DEWEY
Número de clasificación (R) R 344.05
Número del ítem C64c
040 ## - FUENTE DE LA CATALOGACIÓN
Centro catalogador de origen CO-BoRNBP
Lengua de catalogación spa
Normas de descripción rda
Centro transcriptor CO-BoRNBP
110 2# - • PUNTO DE ACCESO PRINCIPAL-NOMBRE DE ENTIDAD CORPORATIVA
Nombre de entidad corporativa o nombre de jurisdicción como elemento inicial Colombia
240 ## - • TÍTULO UNIFORME
Título uniforme <a href="Código nacional de policía">Código nacional de policía</a>
245 10 - • TITULO PROPIAMENTE DICHO
Título Código nacional de policía y convivencia
Resto del título conforme con la ley 1801 de 2016
-- anotado
Mención de responsabilidad, etc. JoséArmando Ruiz Salazar
250 ## - • MENCI&Oacute;N DE EDICI&Oacute;N
Mención de edición 33a. edición
264 ## - PRODUCCI&Oacute;N, PUBLICACI&Oacute;N , DISTRIBUCI&Oacute;N, FABRICACI&Oacute;N Y COPYRIGHT
Lugar de producción, publicación, distribución, fabricación Bogotá
Nombre del productor, editor, distribuidor, fabricante Leyer
Fecha de de producción, publicación, distribución, fabricación o copyright 2016
300 ## - • DESCRIPCI&Oacute;N F&Iacute;SICA
Extensión [509] páginas (en paginación variada)
Dimensiones 22 cm
336 ## - TIPO DE CONTENIDO
Término de tipo de contenido texto
Código de tipo de contenido txt
Fuente rdacontent
337 ## - TIPO DE MEDIO
Nombre del tipo de medio sin mediación
Código del tipo de medio n
Fuente rdamedia
338 ## - TIPO DE SOPORTE
Nombre del tipo de soporte volumen
Código del tipo de soporte nc
Fuente rdacarrier
490 ## - • MENCI&Oacute;N DE SERIE
Mención de serie Códigos anotados
505 ## - • NOTA DE CONTENIDO CON FORMATO
Nota de contenido con formato Libro primero: disposiciones generales -- Libro segundo: de la libertad, los derechos y deberes de las personas en materia de convivencia -- Libro tercero: medios de policía, medidas correctivas, autoridades de policía y competencias, procedimientos, mecanismos alternativos de solución de desacuerdos o conflictos
650 14 - • PUNTO DE ACCESO ADICIONAL DE MATERIA - T&Eacute;RMINO DE MATERIA
Fuente del encabezamiento o término LEMB
Término de materia o nombre geográfico como elemento inicial Convivencia ciudadana
650 14 - • PUNTO DE ACCESO ADICIONAL DE MATERIA - T&Eacute;RMINO DE MATERIA
Fuente del encabezamiento o término LEMB
Término de materia o nombre geográfico como elemento inicial Policía
Subdivisión geográfica Colombia
650 14 - • PUNTO DE ACCESO ADICIONAL DE MATERIA - T&Eacute;RMINO DE MATERIA
Fuente del encabezamiento o término LEMB
Término de materia o nombre geográfico como elemento inicial Reglamentos de policía
Subdivisión geográfica Colombia
650 14 - • PUNTO DE ACCESO ADICIONAL DE MATERIA - T&Eacute;RMINO DE MATERIA
Fuente del encabezamiento o término LEMB
Término de materia o nombre geográfico como elemento inicial Solución de conflictos
650 14 - • PUNTO DE ACCESO ADICIONAL DE MATERIA - T&Eacute;RMINO DE MATERIA
Fuente del encabezamiento o término LEMB
Término de materia o nombre geográfico como elemento inicial Poder de la Policía
Subdivisión de forma Legislación
Subdivisión geográfica Colombia
700 1# - • PUNTO DE ACCESO ADICIONAL - NOMBRE DE PERSONA
Nombre de persona Ruiz Salazar, José Armando
942 ## - ENTRADA DE ELEMENTOS AGREGADOS (KOHA)
Fuente de clasificaión o esquema Dewey Decimal Classification
Koha [por defecto] tipo de item Libro Referencia

No hay ítems disponibles.










Instituto Departamental de Cultura del Meta - Red Departamental de Bibliotecas Públicas del Meta.